000 01271 a2200229 4500
003 Nust
005 20230525114629.0
020 _a0021246300
022 _a0021247706
040 _cNust
082 _a823, ANA
100 _aAnastasio, Daina
_9112583
245 _aAwakening , Journeys, Dialogues
_cDina Anastasio , Warren Halliburton , Laurence Swinburne & Alam Whitney
_hSenior authors Carl B. Smith, Ronald Wardhaugh , Literature Consultant[etc]
250 _aThree-in-one-edition
260 _aMacmillan Publishing Co.,Inc
_bNew York
_c1975
300 _a96, p.;
_billus
_cdigras
_e24 cm
490 _vLevels 31,32,33
505 _aDear Reader (Page-6), A Lesson In Reading (Page-8), Name Form Literature(Page-17), A Debt To Dickens (Page-18), Nantucket (Page-26), An Extra Indian (Page-32),Vincent The Good And The Electric Train (Page-42), Waulewa Eagle (Page-52), General And Specific Words (Page-59), Some Who Flew (Page-60), Beach Fire (Page-62), New Expression Using Verbs (Page-63), The Cheetah Remembers (Page-64), Excuse Us (Page-75), My Childhood (Page-76),More Than One Way (Page-83), Mowkoom And Bundar (Page-84), Dreams (Page-90), I Dream A World (Page-92).
600 _aAnastasio, Daina
_9112583
650 _aStories
_9107557
942 _2ddc
_cBK
999 _c186764
_d186764